000 00616nam a22001577a 4500
003 LRUA
005 20221010131548.0
008 221010b xxu||||| |||| 00| 0 eng d
040 _cRUA
082 _2AGR NAS 2019 B1.590 Or.
100 _915345
_aNA ASMBO ណា​ សំបូរ
245 _aDETECTION OF GREEN LEAFHOPPER AS A VECTOR OF RICE ORANGE LEAF PHYTOPLASMA DISEASE ON RICE. ការសិក្សាភ្នាក់ងារចម្លងមមាចខៀទៅលើជំងឺRICE ORANGE LEAF PHYTOPLASMA
260 _aPhnom Penh
_bRUA
_c2019
300 _aIX.28P
_bVII
_c29CM
942 _2ddc
_cAGR
999 _c20597
_d20597